Chris Evans Movies - Statistics

General Stats
  • This quiz has been taken 210 times
    154 since last reset
  • The average score is 18 of 54
Answer Stats
Hint Answer % Correct
2011 Captain America: The First Avenger
98%
2019 Avengers: Endgame
97%
2012 The Avengers
97%
2018 Avengers: Infinity War
96%
2014 Captain America: The Winter Soldier
90%
2016 Captain America: Civil War
86%
2015 Avengers: Age of Ultron
78%
2005 Fantastic Four
67%
2019 Knives Out
57%
2017 Spider-Man: Homecoming
53%
2017 Gifted
48%
2022 The Gray Man
48%
2022 Lightyear
45%
2001 Not Another Teen Movie
43%
2013 Thor: The Dark World
43%
TBD Ghosted
36%
2011 What's Your Number?
34%
2007 Fantastic Four: Rise of the Silver Surfer
33%
2013 Snowpiercer
33%
2015 Ant-Man
30%
2019 Captain Marvel
30%
2010 Scott Pilgrim V.S. the World
30%
2020 Scott Pilgrim V.S. the World Water Crisis
30%
2007 The Nanny Diaries
29%
2004 Cellular
28%
2004 The Perfect Score
28%
2009 Push
27%
2010 The Losers
27%
2014 Before We Go
23%
2011 Puncture
22%
2019 The Red Sea Diving Resort
22%
2007 TMNT
22%
2012 The Iceman
21%
2023 Red One
20%
2007 Sunshine
20%
2021 Free Guy
19%
2005 London
18%
2014 Playing it Cool
18%
2021 Don't Look Up
16%
2008 Street Kings
15%
2000 The Newcomers
13%
2005 Fierce People
11%
2008 The Loss of a Teardrop Diamond
10%
2007 Battle for Terra
7%
1997 Biodiversity: Wild About Life!
7%
2002 Eastwick
7%
2019 Spider-Man: Far From Home
7%
2008 The Incredible Hulk
7%
2018 Ant-Man and the Wasp
6%
2021 The Eternals
4%
TBD Bermuda
2%
TBD Little Shop of Horrors
2%
2018 Goy
1%
TBD Project Artemis
1%
No matching quizzes found
Score Distribution
Percent of People with Each Score
Percentile by Number Answered
Your Score History
You have not taken this quiz since the last reset